000 00920nam a22002057a 4500
003 OSt
005 20250917173305.0
008 240326b ||||| |||| 00| 0 eng d
040 _c0
082 _aDPer 621.381 In821 September 2022 v. 37 n. 9
100 _aRadner, Franz.
_eauthor.
_955445
245 _aStraightforward modeling of frequency dispersive and nonlinear common mode chokes for transient simulations /
_cFranz Radner, Martin Groschl, and Christian Poschalko.
260 _aNew York ;
_bThe Institute of Electrical and Electronics Engineers, Inc. ,
_cSeptember 2022.
300 _aVolume 37, pages 10920-10927 :
_billustration ;
_c28 cm.
500 _aIEEE Transitions on Power Electronics, v. 37 n. 9, pages 10920-10927, September 2022.
700 _aRadner, Franz.
_eauthor.
_955445
700 _aGroschl, Martin.
_eauthor.
_955446
700 _aPoschalko, Christian.
_eauthor.
_955447
942 _2ddc
_cPER
999 _c19871
_d19871